| 000 | 00769nam a22001937a 4500 | ||
|---|---|---|---|
| 003 | BD-DhUL | ||
| 005 | 20180115101349.0 | ||
| 008 | 170209s000 bg ||||| |||| 00| 0 ben d | ||
| 040 |
_aBD-DhUL _cBD-DhUL |
||
| 082 |
_a891.4435 _bSHG |
||
| 100 | _aচট্টোপাধ্যায়, শরৎচন্দ্র | ||
| 245 | 1 | 0 |
_aশরৎচন্দ্রের গ্রন্থাবলী : _cশরৎচন্দ্র চট্টোপাধ্যায় _bখন্ড ৪ / |
| 250 | _a৩য় সংস্ক. | ||
| 260 |
_aঢাকা : _bবাংলা একাডেমী, _c0000. |
||
| 300 |
_aখন্ড ; _c২৩ সেমি. |
||
| 650 | 4 | _aবাংলা সাহিত্য | |
| 650 | 4 | _aBangla Literature | |
| 942 |
_2ddc _cBK |
||
| 999 |
_c156812 _d156812 |
||